[Event "DM 2023 G5-1 Grp1"]
[Site "Svendborg"]
[Date "2023.04.01"]
[Round "1"]
[White "Paludan, Noah"]
[Black "Leimand, Peter Martin"]
[Result "1-0"]
[WhiteElo "1716"]
[BlackElo "1946"]
[PlyCount "103"]
[EventDate "2023.04.01"]
[EventType "swiss"]
[EventRounds "5"]
[EventCountry "DEN"]
[SourceTitle "Live v. Kasper Jerwiarz"]

1. e4 e6 2. d4 d5 3. e5 c5 4. c3 Nc6 5. Nf3 Qb6 6. Bd3 cxd4 7. O-O dxc3 8. Nxc3
Bd7 9. Be3 d4 10. Nxd4 Nxd4 11. Qg4 Nh6 12. Qxd4 Qxd4 13. Bxd4 a6 14. Rfd1 Be7
15. Be4 Bc6 16. Bxc6+ bxc6 17. Ne4 O-O 18. Rac1 Nf5 19. Bc5 Rab8 20. Bxe7 Nxe7
21. Rd7 Ng6 22. b3 Nxe5 23. Ra7 Ra8 24. Rb7 Rfd8 25. f4 Nd3 26. Rxc6 Nxf4 27.
Rcc7 Rdb8 28. Rxf7 Rxb7 29. Rxb7 Rc8 30. Nd6 Rc1+ 31. Kf2 g5 32. Ne4 Rc2+ 33.
Kf3 h6 34. Nf6+ Kf8 35. Nh7+ Ke8 36. Nf6+ Kd8 37. g3 Nd3 38. Rd7+ Kc8 39. Rxd3
Rxh2 40. a3 h5 41. Ne4 h4 42. Nxg5 hxg3 43. Kxg3 Re2 44. Kf3 Re1 45. Re3 Ra1
46. a4 Kc7 47. Rxe6 Ra3 48. Re3 Kb6 49. Ne6 Ka5 50. Ke4 Kb4 51. Nd4 Ra1 52.
Nc2+ 1-0

[Event "DM 2023 G5-1 Grp1"]
[Site "Svendborg"]
[Date "2023.04.01"]
[Round "1"]
[White "Svendsen, Peter Willer"]
[Black "Velarde, Andrew"]
[Result "1-0"]
[WhiteElo "1920"]
[BlackElo "1776"]
[PlyCount "37"]
[EventDate "2023.04.01"]
[EventType "swiss"]
[EventRounds "5"]
[EventCountry "DEN"]
[SourceTitle "Live v. Kasper Jerwiarz"]

1. e4 d5 2. exd5 Nf6 3. d4 Nxd5 4. Nf3 Bf5 5. Bc4 e6 6. O-O c6 7. Re1 Bd6 8.
Nbd2 b5 9. Bf1 Nd7 10. c4 N5f6 11. cxb5 cxb5 12. Bxb5 O-O 13. Nc4 Bc7 14. Bg5
Qb8 15. Bc6 Bg4 16. h3 Qb4 17. Bxa8 Rxa8 18. hxg4 Qxc4 19. Rc1 1-0

[Event "DM 2023 G5-1 Grp1"]
[Site "Svendborg"]
[Date "2023.04.01"]
[Round "1"]
[White "Leimand, Hans Erik"]
[Black "Yildiz, Hasan"]
[Result "0-1"]
[WhiteElo "1740"]
[BlackElo "1951"]
[PlyCount "106"]
[EventDate "2023.04.01"]
[EventType "swiss"]
[EventRounds "5"]
[EventCountry "DEN"]
[SourceTitle "Live v. Kasper Jerwiarz"]

1. Nf3 d6 2. g3 Nf6 3. d4 g6 4. Bg2 Bg7 5. O-O c6 6. Re1 O-O 7. c3 Bg4 8. Bf4
Qc8 9. Nbd2 Nd5 10. Be3 Nxe3 11. fxe3 Bh3 12. Nf1 Bxg2 13. Kxg2 f5 14. Qb3+ Kh8
15. Ng5 d5 16. c4 h6 17. Nf3 e6 18. cxd5 exd5 19. Rac1 Nd7 20. Red1 Kh7 21. Rd3
Nf6 22. Rdd1 Re8 23. Qd3 Qe6 24. Rc3 Ne4 25. Rb3 Nd6 26. Re1 Re7 27. N1d2 Rae8
28. Kf2 Ne4+ 29. Kg2 c5 30. Ra3 c4 31. Qc2 b5 32. Nf1 b4 33. Ra4 Qb6 34. N3d2
Nd6 35. a3 b3 36. Qc3 Qc6 37. Ra5 Nb5 38. Qb4 Rb7 39. Qa4 Re6 40. Rc1 Qb6 41.
Nb1 Bxd4 42. Rxb5 Qxb5 43. Qxb5 Rxb5 44. exd4 Rxe2+ 45. Kf3 Rxb2 46. Nc3 Ra5
47. Ne3 Rxh2 48. Ncxd5 b2 49. Rb1 Rxa3 50. Kf4 c3 51. Nb4 Ra1 52. Rf1 Rxf1+ 53.
Nxf1 Rf2+ 0-1

[Event "DM 2023 G5-1 Grp1"]
[Site "Svendborg"]
[Date "2023.04.01"]
[Round "1"]
[White "Justesen, Asger"]
[Black "Hansen, Jorgen Frank"]
[Result "1-0"]
[WhiteElo "1812"]
[BlackElo "1736"]
[PlyCount "49"]
[EventDate "2023.04.01"]
[EventType "swiss"]
[EventRounds "5"]
[EventCountry "DEN"]
[SourceTitle "Live v. Kasper Jerwiarz"]

1. e4 c5 2. g3 Nc6 3. Bg2 g6 4. Ne2 Bg7 5. O-O d6 6. d3 Nf6 7. Nbc3 e5 8. h3
O-O 9. Be3 Nd4 10. f4 Nxe2+ 11. Qxe2 Nh5 12. Kh2 b6 13. f5 Nf6 14. Rf2 Bb7 15.
Bg5 h6 16. Bxf6 Bxf6 17. fxg6 fxg6 18. Qg4 Kh7 19. Raf1 Qe7 20. Nd5 Bxd5 21.
exd5 Rae8 22. Be4 Qg7 23. h4 Bd8 24. Rxf8 Rxf8 25. Rxf8 1-0

[Event "DM 2023 G5-1 Grp1"]
[Site "Svendborg"]
[Date "2023.04.01"]
[Round "1"]
[White "Knudsen, Martin Mosgaard"]
[Black "Jacobsen, Hans Endrup"]
[Result "0-1"]
[WhiteElo "1659"]
[BlackElo "1892"]
[PlyCount "102"]
[EventDate "2023.04.01"]
[EventType "swiss"]
[EventRounds "5"]
[EventCountry "DEN"]
[SourceTitle "Live v. Kasper Jerwiarz"]

1. d4 Nf6 2. Bf4 d5 3. e3 c5 4. c3 Qb6 5. Qb3 c4 6. Qc2 Nc6 7. Nd2 g6 8. b3 Bf5
9. Qb2 Bg7 10. h3 O-O 11. Ngf3 Rfe8 12. Ne5 Nxe5 13. Bxe5 Ne4 14. Bxg7 Kxg7 15.
Nxe4 Bxe4 16. f3 Bf5 17. g4 Bd7 18. f4 f6 19. Rh2 cxb3 20. axb3 e5 21. fxe5
fxe5 22. Kf2 exd4 23. exd4 Qf6+ 24. Kg1 Re3 25. Rf2 Qd6 26. Bg2 Qg3 27. Raf1
Be6 28. Rf3 Rxf3 29. Rxf3 Qd6 30. c4 Re8 31. c5 Qc7 32. b4 Bd7 33. Qf2 Bb5 34.
Re3 Rf8 35. Rf3 Rxf3 36. Qxf3 Bc4 37. Qe3 Qf7 38. Qe5+ Qf6 39. Qxf6+ Kxf6 40.
Kf2 g5 41. Bf1 Bxf1 42. Kxf1 a6 43. Ke2 Ke6 44. Kd3 Kd7 45. Kc3 Kc6 46. Kb2 Kb5
47. Kb3 h6 48. Ka3 Kc4 49. Ka4 Kxd4 50. Ka5 Kc4 51. Kb6 Kxb4 0-1

[Event "DM 2023 G5-1 Grp1"]
[Site "Svendborg"]
[Date "2023.04.01"]
[Round "1"]
[White "Snedker, Oliver Kaehne"]
[Black "Skytte, Robert"]
[Result "1-0"]
[WhiteElo "1857"]
[BlackElo "1691"]
[PlyCount "83"]
[EventDate "2023.04.01"]
[EventType "swiss"]
[EventRounds "5"]
[EventCountry "DEN"]
[SourceTitle "Live v. Kasper Jerwiarz"]

1. e4 c6 2. d4 d5 3. exd5 cxd5 4. Bd3 Nc6 5. c3 Nf6 6. Bf4 g6 7. Nf3 Nh5 8. Be3
Qc7 9. g3 Bg7 10. Nbd2 O-O 11. Qb3 Rd8 12. O-O-O a5 13. Qc2 a4 14. Kb1 Bd7 15.
Ne5 Bxe5 16. dxe5 Nxe5 17. Ka1 b5 18. f4 Nxd3 19. Qxd3 a3 20. b3 Bf5 21. Qd4
Be4 22. Nxe4 dxe4 23. Qc5 Qxc5 24. Bxc5 e6 25. Rxd8+ Rxd8 26. Bxa3 e3 27. Kb1
Ng7 28. Bc1 h5 29. Bxe3 Rd3 30. Bd4 Nf5 31. Kc2 Rf3 32. Bc5 h4 33. a4 bxa4 34.
bxa4 hxg3 35. hxg3 Rxg3 36. Rd1 Ne3+ 37. Bxe3 Rxe3 38. a5 Re4 39. Kb3 Rxf4 40.
a6 Rf5 41. Rd8+ Kg7 42. a7 1-0

[Event "DM 2023 G5-1 Grp1"]
[Site "Svendborg"]
[Date "2023.04.02"]
[Round "2"]
[White "Jacobsen, Hans Endrup"]
[Black "Svendsen, Peter Willer"]
[Result "0-1"]
[WhiteElo "1892"]
[BlackElo "1920"]
[PlyCount "98"]
[EventDate "2023.04.01"]
[EventType "swiss"]
[EventRounds "5"]
[EventCountry "DEN"]
[SourceTitle "Live v. Kasper Jerwiarz"]

1. e4 c6 2. d4 d5 3. Nc3 dxe4 4. Nxe4 Nf6 5. Nxf6+ exf6 6. Nf3 Bd6 7. Be2 O-O
8. Be3 Re8 9. O-O Bf5 10. c3 Nd7 11. a4 Qc7 12. h3 Nf8 13. Re1 Rad8 14. Qc1 Ng6
15. b4 Re7 16. Bf1 Rde8 17. Qb2 Be4 18. Nd2 f5 19. Nxe4 fxe4 20. c4 f5 21. Bg5
Rd7 22. c5 Bh2+ 23. Kh1 Bf4 24. Bxf4 Nxf4 25. b5 Qd8 26. Rad1 Kh8 27. Rd2 Qf6
28. a5 Red8 29. Red1 Nd5 30. bxc6 bxc6 31. Qa3 f4 32. a6 e3 33. Rb2 exf2 34.
Rxf2 Ne3 35. Rb1 Qxd4 36. Rb7 h6 37. Rxd7 Rxd7 38. Qb3 Qd1 39. Qxd1 Rxd1 40.
Kg1 g5 41. Rb2 Rxf1+ 42. Kh2 Ra1 43. Rb8+ Kg7 44. Rb7+ Kg6 45. Rxa7 Nf5 46. g3
Ra2+ 47. Kg1 fxg3 48. Ra8 Ne3 49. a7 Ra1# 0-1

[Event "DM 2023 G5-1 Grp1"]
[Site "Svendborg"]
[Date "2023.04.02"]
[Round "2"]
[White "Yildiz, Hasan"]
[Black "Snedker, Oliver Kaehne"]
[Result "0-1"]
[WhiteElo "1951"]
[BlackElo "1857"]
[PlyCount "154"]
[EventDate "2023.04.01"]
[EventType "swiss"]
[EventRounds "5"]
[EventCountry "DEN"]
[SourceTitle "Live v. Kasper Jerwiarz"]

1. c4 e5 2. Nc3 Nc6 3. g3 d6 4. Bg2 Nf6 5. e3 Be6 6. d3 Be7 7. Nge2 d5 8. Qa4
O-O 9. O-O Nb4 10. Rd1 Bd7 11. Qb3 a5 12. Nxd5 Nfxd5 13. cxd5 a4 14. Qc3 Bg4
15. Kf1 Nxd5 16. Qxe5 Ra5 17. f3 Bf6 18. Qe4 Bf5 19. Qc4 b5 20. Qc2 Be6 21. Nf4
Nb4 22. Qd2 c5 23. Nxe6 fxe6 24. f4 a3 25. d4 Na6 26. bxa3 cxd4 27. exd4 Ra4
28. Bb2 Nc7 29. Rac1 Qd7 30. Rc5 Rd8 31. Bc6 Qd6 32. Bxb5 Qxc5 33. Bxa4 Qc4+
34. Qe2 Qxa4 35. Rc1 Qd7 36. a4 Ra8 37. Qc4 Nd5 38. Qe2 Rxa4 39. a3 Ra7 40. Kf2
Rc7 41. Re1 Nxf4 42. gxf4 Bh4+ 43. Kf1 Bxe1 44. Kxe1 Qd5 45. Qe5 Qh1+ 46. Kd2
Qxh2+ 47. Ke3 Qg3+ 48. Kd2 Qf2+ 49. Kd3 Qc2+ 50. Ke3 Qc6 51. a4 Rb7 52. d5 exd5
53. Bd4 Qc1+ 54. Kd3 Qd1+ 55. Ke3 Qe1+ 56. Kd3 Qxe5 57. fxe5 Kf7 58. a5 h5 59.
a6 Rb8 60. a7 Ra8 61. Ke3 g5 62. Kf3 Ke6 63. Kg3 Kf5 64. Kf3 h4 65. e6 Kxe6 66.
Kg4 Rg8 67. Bg1 Kd7 68. Be3 Kc6 69. Bxg5 Kb7 70. Kxh4 Kxa7 71. Be3+ Ka6 72. Kh5
Kb5 73. Kh6 Kc4 74. Kh7 Rg2 75. Kh6 d4 76. Bc1 Kc3 77. Kh5 d3 0-1

[Event "DM 2023 G5-1 Grp1"]
[Site "Svendborg"]
[Date "2023.04.02"]
[Round "2"]
[White "Paludan, Noah"]
[Black "Justesen, Asger"]
[Result "0-1"]
[WhiteElo "1716"]
[BlackElo "1812"]
[PlyCount "96"]
[EventDate "2023.04.01"]
[EventType "swiss"]
[EventRounds "5"]
[EventCountry "DEN"]
[SourceTitle "Live v. Kasper Jerwiarz"]

1. e4 c6 2. Nc3 d5 3. Nf3 dxe4 4. Nxe4 Nf6 5. Qe2 Nxe4 6. Qxe4 Nd7 7. Bc4 Nf6
8. Ne5 e6 9. Qe2 Bd6 10. d4 O-O 11. Bg5 Qa5+ 12. Bd2 Qc7 13. h4 b5 14. Bd3 c5
15. c3 a6 16. g4 Bb7 17. Rg1 Rad8 18. g5 Bxe5 19. f4 Bxd4 20. gxf6 Bxf6 21.
O-O-O Qc6 22. Bc2 Qf3 23. Qh2 Rd7 24. Rdf1 Qd5 25. Bb3 c4 26. Bc2 Rfd8 27. Be3
b4 28. Rd1 Qf3 29. Bb6 Rxd1+ 30. Bxd1 Qd3 31. Bc2 Qd6 32. Bxd8 Bxd8 33. Rd1 Bd5
34. cxb4 Qxb4 35. Be4 Qa5 36. Bxd5 exd5 37. Qe2 h6 38. Qe8+ Kh7 39. Qxf7 Bf6
40. Kb1 Qb4 41. Rd4 Bxd4 42. Qf5+ g6 43. Qf7+ Bg7 44. Kc2 Qxb2+ 45. Kd1 c3 46.
Ke1 Qd2+ 47. Kf1 c2 48. f5 c1=R# 0-1

[Event "DM 2023 G5-1 Grp1"]
[Site "Svendborg"]
[Date "2023.04.02"]
[Round "2"]
[White "Leimand, Peter Martin"]
[Black "Hansen, Jorgen Frank"]
[Result "1-0"]
[WhiteElo "1946"]
[BlackElo "1736"]
[PlyCount "63"]
[EventDate "2023.04.01"]
[EventType "swiss"]
[EventRounds "5"]
[EventCountry "DEN"]
[SourceTitle "Live v. Kasper Jerwiarz"]

1. e4 c5 2. Nc3 d6 3. g3 Nc6 4. Bg2 g6 5. f4 Bg7 6. Nf3 Bg4 7. h3 Bxf3 8. Bxf3
Nd4 9. Bg2 e6 10. O-O Qd7 11. d3 Ne7 12. a3 e5 13. Kh2 f5 14. Rb1 O-O 15. exf5
Ndxf5 16. Ne4 Nd4 17. c3 Ndc6 18. Qb3+ Kh8 19. Ng5 Nd8 20. Bd2 h6 21. Ne4 Ndc6
22. Rbe1 Kh7 23. h4 exf4 24. Bxf4 Ne5 25. Bh3 Qc7 26. d4 cxd4 27. cxd4 Nf7 28.
Qe6 Rad8 29. h5 g5 30. Bd2 Nc6 31. Bf5+ Kh8 32. Qg6 1-0

[Event "DM 2023 G5-1 Grp1"]
[Site "Svendborg"]
[Date "2023.04.02"]
[Round "2"]
[White "Velarde, Andrew"]
[Black "Knudsen, Martin Mosgaard"]
[Result "1/2-1/2"]
[WhiteElo "1776"]
[BlackElo "1659"]
[PlyCount "49"]
[EventDate "2023.04.01"]
[EventType "swiss"]
[EventRounds "5"]
[EventCountry "DEN"]
[SourceTitle "Live v. Kasper Jerwiarz"]

1. d4 f5 2. Bg5 d6 3. c4 h6 4. Bd2 Nf6 5. Nc3 e6 6. e3 Be7 7. Nf3 Ne4 8. Bd3
Nxc3 9. Bxc3 O-O 10. O-O b6 11. Qc2 Bb7 12. e4 f4 13. Qe2 Nd7 14. Rac1 Rc8 15.
Rfe1 Qe8 16. e5 d5 17. cxd5 Bxd5 18. Bd2 h5 19. Ba6 Qf7 20. Bxc8 Rxc8 21. Qd3
c6 22. h3 Nf8 23. a3 Nh7 24. Nh2 b5 25. Re4 1/2-1/2

[Event "DM 2023 G5-1 Grp1"]
[Site "Svendborg"]
[Date "2023.04.02"]
[Round "2"]
[White "Skytte, Robert"]
[Black "Leimand, Hans Erik"]
[Result "1-0"]
[WhiteElo "1691"]
[BlackElo "1740"]
[PlyCount "41"]
[EventDate "2023.04.01"]
[EventType "swiss"]
[EventRounds "5"]
[EventCountry "DEN"]
[SourceTitle "Live v. Kasper Jerwiarz"]

1. e4 c5 2. Nf3 d6 3. d4 cxd4 4. Nxd4 Nf6 5. Nc3 a6 6. Be3 g6 7. f3 Bg7 8. Qd2
Nc6 9. O-O-O Nxd4 10. Bxd4 O-O 11. g4 b5 12. h4 h5 13. Bxf6 Bxf6 14. gxh5 Bxc3
15. bxc3 Kh7 16. hxg6+ fxg6 17. h5 g5 18. e5 d5 19. Qxg5 Bf5 20. Rg1 Rf7 21. e6
1-0

[Event "DM 2023 G5-1 Grp1"]
[Site "Svendborg"]
[Date "2023.04.03"]
[Round "3"]
[White "Svendsen, Peter Willer"]
[Black "Justesen, Asger"]
[Result "1-0"]
[WhiteElo "1920"]
[BlackElo "1812"]
[PlyCount "91"]
[EventDate "2023.04.01"]
[EventType "swiss"]
[EventRounds "5"]
[EventCountry "DEN"]
[SourceTitle "Live v. Kasper Jerwiarz"]

1. e4 c6 2. d4 d5 3. Nc3 dxe4 4. Nxe4 Nf6 5. Ng3 g6 6. Nf3 Bg7 7. Bc4 O-O 8.
Bg5 Nbd7 9. Qd2 b5 10. Be2 Nb6 11. Ne5 Qc7 12. Bh6 Be6 13. Bxg7 Kxg7 14. O-O-O
Nc4 15. Nxc4 bxc4 16. h4 c3 17. Qxc3 h5 18. Bf3 Nd5 19. Qd2 Rh8 20. Rhe1 Rab8
21. c4 Nf6 22. Qc3 Rhc8 23. Re5 Qb6 24. Rd2 Kf8 25. b3 a5 26. Qxa5 Qb7 27. Rb5
Qd7 28. Rxb8 Rxb8 29. Qe5 Rb6 30. Ne4 Ng8 31. Nc5 Qa7 32. Nxe6+ fxe6 33. Qxe6
Qa3+ 34. Kd1 Nf6 35. Bxc6 Qb4 36. Qc8+ Kg7 37. Qc7 Ra6 38. Ke2 Qa3 39. d5 Qc5
40. d6 Ra7 41. Qb8 Ra6 42. d7 Qxc6 43. d8=Q Qe4+ 44. Kf1 Rxa2 45. Qf8+ Kh7 46.
Qh8# 1-0

[Event "DM 2023 G5-1 Grp1"]
[Site "Svendborg"]
[Date "2023.04.03"]
[Round "3"]
[White "Snedker, Oliver Kaehne"]
[Black "Leimand, Peter Martin"]
[Result "1/2-1/2"]
[WhiteElo "1857"]
[BlackElo "1946"]
[PlyCount "73"]
[EventDate "2023.04.01"]
[EventType "swiss"]
[EventRounds "5"]
[EventCountry "DEN"]
[SourceTitle "Live v. Kasper Jerwiarz"]

1. e4 e6 2. d4 d5 3. Nc3 Bb4 4. e5 c5 5. a3 Bxc3+ 6. bxc3 Ne7 7. Qg4 O-O 8. Bd3
f5 9. exf6 Rxf6 10. Qh4 h6 11. g4 c4 12. g5 Nf5 13. Qh5 g6 14. Qd1 Rf7 15. Bxf5
exf5 16. gxh6 Qe8+ 17. Kf1 f4 18. Qf3 Bf5 19. Bxf4 Bxc2 20. h7+ Kxh7 21. Qh3+
Kg8 22. Be5 Bd3+ 23. Kg2 Rh7 24. Qg3 Nd7 25. Re1 Qf7 26. f3 Re8 27. Nh3 Qf5 28.
Re3 Nxe5 29. Rxe5 Rxe5 30. dxe5 Be2 31. Ng5 Rh5 32. h4 Qc2 33. e6 Bd3+ 34. Kg1
Qd1+ 35. Kh2 Qe2+ 36. Kg1 Qf1+ 37. Kh2 1/2-1/2

[Event "DM 2023 G5-1 Grp1"]
[Site "Svendborg"]
[Date "2023.04.03"]
[Round "3"]
[White "Yildiz, Hasan"]
[Black "Paludan, Noah"]
[Result "0-1"]
[WhiteElo "1951"]
[BlackElo "1716"]
[PlyCount "48"]
[EventDate "2023.04.01"]
[EventType "swiss"]
[EventRounds "5"]
[EventCountry "DEN"]
[SourceTitle "Live v. Kasper Jerwiarz"]

1. Nf3 Nc6 2. c4 e5 3. Nc3 Bb4 4. Nd5 e4 5. Ng1 Nf6 6. a3 Bd6 7. Qc2 O-O 8.
Nxf6+ Qxf6 9. Qxe4 Be5 10. Ra2 d5 11. cxd5 Bf5 12. Qa4 Nd4 13. d3 Rad8 14. e4
Bd7 15. Qd1 c6 16. dxc6 Qxc6 17. b4 Rc8 18. Nf3 Nxf3+ 19. gxf3 Qxc1 20. Be2
Bc3+ 21. Rd2 Bxd2+ 22. Kf1 Bh3+ 23. Kg1 Qxd1+ 24. Bxd1 Rc1 0-1

[Event "DM 2023 G5-1 Grp1"]
[Site "Svendborg"]
[Date "2023.04.03"]
[Round "3"]
[White "Skytte, Robert"]
[Black "Jacobsen, Hans Endrup"]
[Result "0-1"]
[WhiteElo "1691"]
[BlackElo "1892"]
[PlyCount "44"]
[EventDate "2023.04.01"]
[EventType "swiss"]
[EventRounds "5"]
[EventCountry "DEN"]
[SourceTitle "Live v. Kasper Jerwiarz"]

1. e4 c5 2. Nf3 d6 3. d4 cxd4 4. Nxd4 Nf6 5. Nc3 a6 6. Be3 e5 7. Nb3 Be6 8. f3
Be7 9. Qd2 O-O 10. g4 b5 11. O-O-O Nbd7 12. g5 b4 13. Nd5 Nxd5 14. exd5 Bf5 15.
Qg2 a5 16. h4 a4 17. Nd2 Qc7 18. Ne4 a3 19. h5 axb2+ 20. Kb1 Bxe4 21. fxe4 Rxa2
22. Bd2 Qa5 0-1

[Event "DM 2023 G5-1 Grp1"]
[Site "Svendborg"]
[Date "2023.04.03"]
[Round "3"]
[White "Leimand, Hans Erik"]
[Black "Velarde, Andrew"]
[Result "0-1"]
[WhiteElo "1740"]
[BlackElo "1776"]
[PlyCount "74"]
[EventDate "2023.04.01"]
[EventType "swiss"]
[EventRounds "5"]
[EventCountry "DEN"]
[SourceTitle "Live v. Kasper Jerwiarz"]

1. d4 Nf6 2. c4 e5 3. dxe5 Ng4 4. Nf3 Bc5 5. e3 Nc6 6. h3 Ngxe5 7. Nc3 d6 8. a3
a5 9. b3 O-O 10. Be2 Nxf3+ 11. Bxf3 Ne5 12. Ne4 Bb6 13. Ng3 Qf6 14. Ra2 Nxf3+
15. gxf3 Bf5 16. Bb2 Qe6 17. Nxf5 Qxf5 18. Rg1 f6 19. Rg3 Rae8 20. Ke2 Kh8 21.
Bc3 Rf7 22. Qc2 Qe6 23. Bd2 Rfe7 24. f4 d5 25. cxd5 Qxd5 26. Ra1 Qd4 27. Rc1
Qxf4 28. Rf3 Qd6 29. a4 Rd7 30. h4 Red8 31. Rd1 Bc5 32. Rf4 Qd3+ 33. Qxd3 Rxd3
34. Re4 h6 35. Rc4 Bb4 36. Rc2 Rxb3 37. Rxc7 Rb2 0-1

[Event "DM 2023 G5-1 Grp1"]
[Site "Svendborg"]
[Date "2023.04.03"]
[Round "3"]
[White "Hansen, Jorgen Frank"]
[Black "Knudsen, Martin Mosgaard"]
[Result "0-1"]
[WhiteElo "1736"]
[BlackElo "1659"]
[PlyCount "30"]
[EventDate "2023.04.01"]
[EventType "swiss"]
[EventRounds "5"]
[EventCountry "DEN"]
[SourceTitle "Live v. Kasper Jerwiarz"]

1. e4 e6 2. d4 d5 3. exd5 exd5 4. Bd3 c5 5. dxc5 Bxc5 6. c3 Nf6 7. Nf3 O-O 8.
O-O Nc6 9. h3 Re8 10. Re1 Rxe1+ 11. Qxe1 Qd6 12. Nbd2 Bxh3 13. gxh3 Qg3+ 14.
Kf1 Qxh3+ 15. Kg1 Ng4 0-1

[Event "DM 2023 G5-1 Grp1"]
[Site "Svendborg"]
[Date "2023.04.04"]
[Round "4"]
[White "Snedker, Oliver Kaehne"]
[Black "Svendsen, Peter Willer"]
[Result "1/2-1/2"]
[WhiteElo "1857"]
[BlackElo "1920"]
[PlyCount "84"]
[EventDate "2023.04.01"]
[EventType "swiss"]
[EventRounds "5"]
[EventCountry "DEN"]
[SourceTitle "Live v. Kasper Jerwiarz"]

1. e4 e5 2. Nf3 Nf6 3. Nxe5 d6 4. Nf3 Nxe4 5. Nc3 Nxc3 6. dxc3 Be7 7. Be3 Nc6
8. Qd2 O-O 9. O-O-O Be6 10. Kb1 Ne5 11. h4 Qe8 12. h5 Qa4 13. b3 Qa3 14. Ng5 a5
15. Nxe6 fxe6 16. Be2 a4 17. f4 axb3 18. cxb3 Nc6 19. Bd3 Ra5 20. Qc2 h6 21. g4
d5 22. g5 d4 23. Bxd4 Nxd4 24. Bh7+ Kh8 25. Rxd4 hxg5 26. h6 Rf6 27. fxg5 Rxg5
28. Ra4 Qc5 29. hxg7+ Kxg7 30. Bd3 Rg1+ 31. Rxg1+ Qxg1+ 32. Qc1 Qxc1+ 33. Kxc1
Rf3 34. Kc2 Rf2+ 35. Kb1 Bg5 36. Rc4 Bf4 37. Re4 Kf6 38. Re2 Rf1+ 39. Kb2 Rd1
40. Kc2 Ra1 41. Kb2 Rg1 42. b4 Rd1 1/2-1/2

[Event "DM 2023 G5-1 Grp1"]
[Site "Svendborg"]
[Date "2023.04.04"]
[Round "4"]
[White "Jacobsen, Hans Endrup"]
[Black "Paludan, Noah"]
[Result "1-0"]
[WhiteElo "1892"]
[BlackElo "1716"]
[PlyCount "123"]
[EventDate "2023.04.01"]
[EventType "swiss"]
[EventRounds "5"]
[EventCountry "DEN"]
[SourceTitle "Live v. Kasper Jerwiarz"]

1. e4 Nf6 2. e5 Nd5 3. d4 d6 4. c4 Nb6 5. exd6 exd6 6. Be3 Nc6 7. Nf3 Bg4 8. h3
Bh5 9. Nbd2 Be7 10. Be2 O-O 11. g4 Bg6 12. Qb3 a5 13. Nf1 Re8 14. Ng3 a4 15.
Qc3 d5 16. c5 Nd7 17. O-O h6 18. Bd3 Bxd3 19. Qxd3 Bf6 20. Nf5 Ne7 21. Rae1
Nxf5 22. Qxf5 Nf8 23. Bf4 Rxe1 24. Rxe1 Ra6 25. Kg2 Re6 26. Rxe6 Nxe6 27. Be5
Bxe5 28. Qxe5 c6 29. Kg3 Qc7 30. Qxc7 Nxc7 31. Kf4 Kf8 32. Nd2 Ke7 33. Nb1 Nb5
34. Ke3 Kf6 35. f4 Ke6 36. h4 f5 37. g5 h5 38. Kd3 Kd7 39. Nc3 Nc7 40. Nxa4 Ne6
41. Ke3 Nf8 42. Kf3 Ne6 43. Ke3 Nf8 44. Nc3 Ng6 45. Ne2 Nxh4 46. b4 Ke6 47. a4
Ng6 48. b5 cxb5 49. axb5 Ne7 50. Ng1 Nc8 51. b6 Ne7 52. Nf3 Kd7 53. Ne5+ Kd8
54. g6 Kc8 55. Kf3 Ng8 56. Nf7 Ne7 57. Ne5 Ng8 58. Kg3 Nf6 59. Kh4 Nd7 60. Nxd7
Kxd7 61. Kxh5 Ke7 62. c6 1-0

[Event "DM 2023 G5-1 Grp1"]
[Site "Svendborg"]
[Date "2023.04.04"]
[Round "4"]
[White "Justesen, Asger"]
[Black "Velarde, Andrew"]
[Result "1-0"]
[WhiteElo "1812"]
[BlackElo "1776"]
[PlyCount "75"]
[EventDate "2023.04.01"]
[EventType "swiss"]
[EventRounds "5"]
[EventCountry "DEN"]
[SourceTitle "Live v. Kasper Jerwiarz"]

1. d4 e5 2. dxe5 Nc6 3. Nf3 Qe7 4. e4 Nxe5 5. Be2 Nf6 6. Nc3 b6 7. O-O Bb7 8.
Bg5 h6 9. Bh4 Qc5 10. Bg3 d6 11. Nd2 O-O-O 12. Nb3 Nf3+ 13. Bxf3 Qg5 14. Qd2
Qg6 15. Rfe1 h5 16. Nd5 h4 17. Bf4 Nh5 18. Nd4 c6 19. Nc3 Be7 20. Rad1 Qf6 21.
Nf5 Nxf4 22. Qxf4 Kc7 23. Qe3 Bf8 24. a4 Ba6 25. a5 g6 26. axb6+ axb6 27. Qd4
Qxd4 28. Nxd4 Bg7 29. h3 Be5 30. Bg4 Rhe8 31. Ra1 Bb7 32. Nf3 Bf6 33. Re3 b5
34. Rae1 b4 35. Nd1 c5 36. c3 bxc3 37. Nxc3 Bd4 38. Nxd4 1-0

[Event "DM 2023 G5-1 Grp1"]
[Site "Svendborg"]
[Date "2023.04.04"]
[Round "4"]
[White "Leimand, Peter Martin"]
[Black "Yildiz, Hasan"]
[Result "1-0"]
[WhiteElo "1946"]
[BlackElo "1951"]
[PlyCount "123"]
[EventDate "2023.04.01"]
[EventType "swiss"]
[EventRounds "5"]
[EventCountry "DEN"]
[SourceTitle "Live v. Kasper Jerwiarz"]

1. e4 d6 2. d4 Nf6 3. f3 g6 4. Be3 Bg7 5. c3 O-O 6. Bd3 e5 7. Ne2 Nc6 8. h4 h5
9. Nd2 a6 10. Nb3 Nh7 11. Qd2 f5 12. g3 Ne7 13. O-O-O Qe8 14. Kb1 a5 15. Rdf1
b6 16. Ka1 b5 17. dxe5 a4 18. Nbd4 b4 19. exd6 bxc3 20. Nxc3 cxd6 21. Bc4+ Kh8
22. Ne6 Bxe6 23. Bxe6 a3 24. b3 fxe4 25. fxe4 Rxf1+ 26. Rxf1 Qb5 27. Rc1 Qe5
28. Bc4 Qxe4 29. Bh6 Be5 30. Bf4 Bxf4 31. gxf4 Qf5 32. Qxd6 Qf6 33. Qxf6+ Nxf6
34. Nb5 Nf5 35. Bd3 Nxh4 36. Kb1 Nd5 37. Be4 Ra5 38. Nxa3 Nxf4 39. Nc4 Ra7 40.
Rh1 Nf5 41. Bxf5 gxf5 42. Rh4 Ne2 43. Rxh5+ Kg7 44. Kb2 Kg6 45. Rh8 f4 46. Rf8
Kg5 47. b4 Nd4 48. a3 Ne6 49. Rg8+ Kf5 50. b5 f3 51. b6 Rd7 52. Rg1 Kf4 53. Rf1
Kg3 54. Rxf3+ Kg2 55. Rf6 Nc5 56. Rc6 Rd5 57. Ne3+ Kf3 58. Nxd5 Nd3+ 59. Kb1
Ke4 60. Nc3+ Kd4 61. b7 Ne5 62. Rc7 1-0

[Event "DM 2023 G5-1 Grp1"]
[Site "Svendborg"]
[Date "2023.04.04"]
[Round "4"]
[White "Knudsen, Martin Mosgaard"]
[Black "Skytte, Robert"]
[Result "1/2-1/2"]
[WhiteElo "1659"]
[BlackElo "1691"]
[PlyCount "60"]
[EventDate "2023.04.01"]
[EventType "swiss"]
[EventRounds "5"]
[EventCountry "DEN"]
[SourceTitle "Live v. Kasper Jerwiarz"]

1. d4 d5 2. Bf4 c5 3. e3 Nc6 4. c3 Bf5 5. Qb3 Qd7 6. Bb5 e6 7. Nf3 f6 8. O-O c4
9. Qd1 Bd3 10. Re1 Bd6 11. Nbd2 Nge7 12. Bxd6 Qxd6 13. e4 O-O 14. exd5 exd5 15.
Ba4 Ng6 16. Bc2 Nf4 17. g3 Bxc2 18. Qxc2 Nd3 19. Re3 Rae8 20. Nf1 Re4 21. Ne1
Rxe3 22. Nxe3 Nxe1 23. Rxe1 Re8 24. Kg2 Qd7 25. Qe2 b5 26. Qf3 a5 27. a3 b4 28.
axb4 axb4 29. Ra1 bxc3 30. bxc3 Rd8 1/2-1/2

[Event "DM 2023 G5-1 Grp1"]
[Site "Svendborg"]
[Date "2023.04.04"]
[Round "4"]
[White "Hansen, Jorgen Frank"]
[Black "Leimand, Hans Erik"]
[Result "1/2-1/2"]
[WhiteElo "1736"]
[BlackElo "1740"]
[PlyCount "47"]
[EventDate "2023.04.01"]
[EventType "swiss"]
[EventRounds "5"]
[EventCountry "DEN"]
[SourceTitle "Live v. Kasper Jerwiarz"]

1. e4 e5 2. Nf3 Nc6 3. Bc4 h6 4. c3 Be7 5. b4 d6 6. Qb3 Be6 7. Bxe6 fxe6 8.
Qxe6 Kf8 9. d3 Qc8 10. Qg6 Bf6 11. h4 Nce7 12. Qg3 a5 13. Bb2 axb4 14. cxb4 c5
15. b5 Qe8 16. Nc3 Ng6 17. Bc1 Qf7 18. Nd5 Nf4 19. Nxf6 Qxf6 20. Nd2 Ne7 21.
Qf3 Ne6 22. Qxf6+ gxf6 23. g3 Nd4 24. O-O 1/2-1/2